LEADER 01119nam a2200253 i 4500 001 000000132301 003 CaOOAMICUS 005 20041206000000.0 008 041206s1986 it u000 u ita u 013 $a105244 040 $aSeMil$bita 245 13$aLe edizioni del 16. secolo /$ca cura di Guido Belli. 260 $a[Varese] :$bBiblioteca Civica di Varese,$ccopyr. 1986. 300 $a170 p. ;$c21 cm. 490 0 $aCataloghi ;$v3 500 $aContiene : Appendice. - In testa al front. : Comune di Varese, Assessorato alla cultura, Biblioteca civica. 650 4$aCinquecentine - Cataloghi.$0(OLS)http://semarc/subject/159 650 4$aVarese - Biblioteca Civica - Cataloghi.$0(OLS)http://semarc/subject/7898 700 1 $aBelli, Guido.$0(OLS)http://semarc/name/54494 830 0$aCataloghi ;$v3.$0(OLS)http://semarc/title/11587 850 $aSeMil 852 $aSeMil$W1$xVenegono$y1$m3Y II 52$j259103$B86218$CSeMilBibl$Z2$F89990 $81 996 $6245$aLe edizioni del 16. secolo$9(OLS)http://semarc/title/194398 996 $6260$a[Varese] :$bBiblioteca Civica di Varese$9(OLS)http://semarc/publisher/45259 LEADER 00955nam a2200241 i 4500 001 000000164377 003 CaOOAMICUS 005 20221223103031.0 008 070913s1979 it u000 u ita u 040 $aSeMil$bita 100 1 $aGigliozzi, Giovanni,$d<1919-2007>.$0(OLS)http://semarc/name/22367 245 13$aLa conversione del Papa /$cGiovanni Gigliozzi ; [presentazione di Giulio Andreotti]. 264 1$aRoma :$bBietti,$c1979. 300 $a108 p. ;$c21 cm. 490 1 $aCaleidoscopio 700 1 $aAndreotti, Giulio,$d<1919-2013>.$0(OLS)http://semarc/name/8188 830 0$aCaleidoscopio.$0(OLS)http://semarc/title/15466 850 $aSeMil 852 $aSeMil$W1$xVenegono$y1$m1A IV 221$j236099$B115644$CSeMilBibl$Z2$F126527 $81 961 $aRecupero: Altro 996 $6245$aLa conversione del Papa$9(OLS)http://semarc/title/234522 996 $6264$aRoma :$bBietti$9(OLS)http://semarc/publisher/48560